000 00777nam a2200217Ii 4500
003 JO-AjNU
008 230605s9999||||xx |||||||||||||| ||und||
020 _a978-614-434-021-9
040 _aJO-AjNU
_bara
_erda
_cJO-AjNU
041 _aara
050 1 4 _aTA403 2013
100 3 _aليونز، ارثر/ ترجمة محمد احمد سمارة؛ مراجعة حسن الشريف،هيثم الناهي,
_eauthor
_946332
245 0 0 _aالمواد للمعمارين والبنائين
250 _aط1
264 3 1 _aالقاهرة:المنظمة العربية،2013
300 _a864ص
336 _atext
_btxt
_2rdacontent
337 _aunmediated
_bn
_2rdamedia
338 _avolume
_bnc
_2rdacarrier
650 4 _aالهندسة المعمارية-البناء
_946333
999 _aA20147
_c23715
_d23715